[Event "PER-ch"]
[Site "Lima"]
[Date "2022.05.17"]
[Round "1"]
[White "Terry, Renato"]
[Black "Ramos Castro, Aldair"]
[Result "1-0"]
[WhiteElo "2504"]
[BlackElo "1930"]
[PlyCount "134"]
[EventDate "2022.05.17"]
[EventType "swiss"]
[EventRounds "9"]
[EventCountry "PER"]
[SourceTitle "EXT 2023"]
[Source "ChessBase"]
[SourceDate "2022.10.05"]
[SourceVersion "1"]
[SourceVersionDate "2022.10.05"]
[SourceQuality "1"]

1. e4 d5 2. exd5 Nf6 3. d4 Bg4 4. f3 Bf5 5. Bb5+ Nbd7 6. Nc3 a6 7. Ba4 b5 8. Bb3 Nb6 9. Nge2 Nfxd5 10. Ne4 e6 11. N2g3 Bg6 12. 0-0 Be7 13. Qe2 0-0 14. c3 c6 15. f4 Qc8 16. Qf2 Nf6 17. Nxf6+ Bxf6 18. f5 exf5 19. Nxf5 Bxf5 20. Qxf5 Qxf5 21. Rxf5 Nd7 22. Bd2 Rfe8 23. Raf1 Re2 24. Bc1 Rae8 25. a4 Re1 26. Bd2 Rxf1+ 27. Kxf1 g6 28. Rf3 h5 29. h3 Re7 30. g4 hxg4 31. hxg4 c5 32. axb5 axb5 33. Be3 c4 34. Bc2 Bg7 35. Bg5 Re8 36. Re3 Rxe3 37. Bxe3 Bf8 38. Be4 b4 39. Ke2 Nb6 40. Bc6 bxc3 41. bxc3 Nc8 42. Bd5 Nb6 43. Be4 Bd6 44. Bg5 Bc7 45. Be7 Kg7 46. g5 Nc8 47. Bf6+ Kf8 48. Bd5 Nb6 49. Bc6 Nc8 50. Ke3 Nd6 51. d5 Bb6+ 52. Kf4 Bc7 53. Kf3 Bb6 54. Bd7 Bc7 55. Ke3 Bb6+ 56. Bd4 Bc7 57. Bc5 Ke7 58. Bb5 Kd8 59. Ba6 Kd7 60. Kd4 Bd8 61. Bxc4 Bxg5 62. Bb3 Bh4 63. Kd3 f5 64. Ba4+ Kc7 65. Bd4 Bg3 66. c4 g5 67. c5 Nb7 1-0